000 00671nam a2200289Ia 4500
005 20260324123852.0
008 008 260324s9999 xx 000 0 eng d
020 _a9780203832899
037 _aEBOOK
040 _aCRL
040 _beng
040 _cCRL
041 _2eng
041 _aeng
084 _qCRL
100 _aJulian Edge
_91171968
245 4 _aThe Reflexive Teacher Educator in TESOL
245 0 _bRoots and Wings
260 _bTaylor and Francis
260 _c2011
365 _a
365 _b280
856 _uhttp://www.taylorfrancis.com/books/9780203832899
942 _cEBOOK
999 _c1765847
_d1765847